[Event "Challenge"]
[Site "http://www.queenalice.com/game.php?id=1084210"]
[Date "2012.7.18"]
[Round "-"]
[White "sapobrasileiro"]
[Black "L0B0N0CTURN0"]
[Result "0-1"]
[WhiteElo "1546"]
[BlackElo "1518"]

1. g3 e6 2. Bg2 d6 3. Nc3 Ne7 4. Nf3 Ng6 5. h3 Be7 6. d3 c6 7. a3 Nd7 8. h4 h5
9. Bg5 Bxg5 10. Nxg5 f6 11. Nxe6 Qb6 12. Nxg7+ Kf7 13. Nf5 c5 14. Nd5 Qd8 15.
Qd2 Nb6 16. Nh6+ Kf8 17. Nxb6 axb6 18. c4 Ne5 19. Qf4 Ng6 20. Qe4 Kg7 21. Nf5+
Bxf5 22. Qxb7+ Kh6 23. f3 Qe8 24. Kf2 Rb8 25. Qc6 Qxc6 26. g4 hxg4 27. fxg4 Qd7
28. h5 Nf4 29. gxf5 Nxg2 30. Kxg2 Qxf5 31. Raf1 Rhg8+ 32. Kh2 Qxh5# 0-1

[Event "Challenge"]
[Site "http://www.queenalice.com/game.php?id=1084211"]
[Date "2012.7.18"]
[Round "-"]
[White "sapobrasileiro"]
[Black "L0B0N0CTURN0"]
[Result "0-1"]
[WhiteElo "1462"]
[BlackElo "1572"]

1. g3 e6 2. Bg2 d6 3. Nc3 Ne7 4. Nf3 Ng6 5. h3 Be7 6. d3 Nd7 7. a3 Nb6 8. h4 h5
9. b3 c6 10. Bb2 Bd7 11. Ne4 f6 12. Nd4 d5 13. Nd2 Qc7 14. N2f3 e5 15. Nxc6 Bxc6
16. d4 e4 17. Nh2 a5 18. Qd2 O-O-O 19. a4 f5 20. f3 Bd7 21. Rc1 Rde8 22. Bc3 Bb4
23. Bxb4 axb4 24. Qxb4 Re6 25. a5 Na8 26. Ra1 Qxc2 27. O-O Kd8 28. Qxb7 Ke7 29.
Rac1 Qxe2 30. Rf2 Qe3 31. Qb4+ Kf7 32. Re1 Qh6 33. fxe4 dxe4 34. d5 Re5 35. Ref1
Ne7 36. Qd6 Qxd6 37. Rxf5+ Rxf5 0-1

[Event "Let's Play Chess!"]
[Site "http://www.queenalice.com/game.php?id=1087211"]
[Date "2012.7.27"]
[Round "-"]
[White "L0B0N0CTURN0"]
[Black "sapobrasileiro"]
[Result "0-1"]
[WhiteElo "1458"]
[BlackElo "1691"]

1. e3 e5 2. d3 Qf6 3. Nf3 b6 4. Be2 Bb7 5. Nbd2 a5 6. a4 c6 7. Ne4 Qe7 8. Bd2 h6
9. Bc3 d6 10. d4 c5 11. Ng3 exd4 12. exd4 Nf6 13. O-O Nbd7 14. Re1 Ne4 15. Nxe4
Bxe4 16. Bd3 f5 17. Bxe4 fxe4 18. Nd2 d5 19. dxc5 bxc5 20. b3 Qg5 21. Qe2 Bd6
22. g3 O-O 23. h4 Qf5 24. Kg2 Rae8 25. f4 Qg6 26. Rf1 Rf5 0-1

[Event "OS INCLIVEIS"]
[Site "http://www.queenalice.com/game.php?id=1222907"]
[Date "2013.10.7"]
[Round "-"]
[White "adelio"]
[Black "L0B0N0CTURN0"]
[Result "0-1"]
[WhiteElo "1746"]
[BlackElo "1473"]

1. d4 d6 2. e4 e6 3. c4 g6 4. Nc3 Bg7 5. Nf3 b6 6. g3 Bb7 7. Be2 h6 8. O-O Qe7
9. Qa4+ Bc6 10. Qd1 Nf6 11. d5 exd5 12. cxd5 Bd7 13. Nh4 c5 14. Re1 g5 15. Nf5
Bxf5 16. exf5 O-O 17. Bb5 Qc7 18. Re2 Nbd7 19. Bc6 Rae8 20. Be3 Re7 21. Qd2 Ne5
22. Kg2 Nxc6 23. dxc6 Qxc6+ 24. Kg1 d5 25. h4 d4 26. hxg5 hxg5 27. Bxg5 Rxe2 28.
Nxe2 Ne4 29. Qf4 Nxg5 30. Qxg5 Qh6 31. Qg4 Kh7 32. Kg2 Qc6+ 33. f3 Bh6 34. Rh1
Rg8 35. Qh5 Qf6 36. Nf4 Rg5 37. Qh4 Rxf5 38. Nh5 Qxh4 39. Rxh4 d3 40. Kf2 Re5
41. f4 Re2+ 42. Kf3 Rxb2 43. Nf6+ Kg6 44. Ne4 Rxa2 45. Rg4+ Kf5 46. Nd6+ Ke6 47.
Ne4 Rh2 48. Rg8 f5 49. Rg6+ Kd7 50. Nf2 d2 51. Nd1 Bf8 52. Rf6 Be7 53. Rxf5 c4
54. Rd5+ Kc6 55. Re5 Rh1 56. Ne3 c3 57. Rxe7 c2 58. Ke4 c1=Q 59. Re6+ Kd7 60.
Re5 Re1 61. Rd5+ Kc6 62. Kf3 Rxe3+ 63. Kxe3 d1=Q+ 64. Ke4 Qc4+ 65. Ke3 Qcxd5 66.
Kf2 Qg4 67. f5 Qdxf5+ 68. Ke3 Qxg3+ 69. Kd2 Qff2+ 70. Kc1 Qgg1# 0-1

[Event "Let's Play Chess!"]
[Site "http://www.queenalice.com/game.php?id=1224549"]
[Date "2013.10.14"]
[Round "-"]
[White "L0B0N0CTURN0"]
[Black "ganatoro"]
[Result "1-0"]
[WhiteElo "1446"]
[BlackElo "1452"]

1. e3 e5 2. d3 Bb4+ 3. c3 Ba5 4. b4 Bb6 5. g3 Qf6 6. Bg2 c6 7. Bb2 d5 8. Ne2 Bg4
9. h3 Bxe2 10. Qxe2 Nh6 11. Nd2 d4 12. Ne4 Qe6 13. c4 dxe3 14. c5 exf2+ 15. Qxf2
Bc7 16. O-O Nf5 17. Ng5 Qg6 18. Qxf5 Qxf5 19. Rxf5 g6 20. Rxf7 h6 21. Rxc7 hxg5
22. Bxe5 Rf8 23. Rxb7 Na6 24. Re1 Kd8 25. Bxc6 Rc8 26. Rd7+ Ke8 27. Bg7# 1-0

[Event "Let's Play Chess!"]
[Site "http://www.queenalice.com/game.php?id=1235535"]
[Date "2013.11.27"]
[Round "-"]
[White "L0B0N0CTURN0"]
[Black "Nimzou"]
[Result "1-0"]
[WhiteElo "1515"]
[BlackElo "974"]

1. e3 g5 2. d3 h6 3. g3 Bg7 4. Bg2 e5 5. Ne2 Nf6 6. b3 b5 7. Bxa8 c6 8. Bb2 Na6
9. Bxe5 d6 10. Bxc6+ Bd7 11. Bxd7+ Qxd7 12. Bb2 O-O 13. Bxf6 Bxf6 14. c3 Qh3 15.
Kd2 Qf5 16. f4 gxf4 17. gxf4 Qc5 18. d4 Qh5 19. Qg1+ Kh7 20. Qg2 Qg6 21. Qxg6+
fxg6 22. Kd3 d5 23. Nd2 b4 24. c4 g5 25. cxd5 Rd8 26. e4 Nc7 27. fxg5 hxg5 28.
Rhf1 Bg7 29. Rf7 Nb5 30. Rg1 Rf8 31. Rxf8 Bxf8 32. Rxg5 a5 33. d6 Nxd6 34. Rxa5
1-0

[Event "Let's Play Chess!"]
[Site "http://www.queenalice.com/game.php?id=1235536"]
[Date "2013.11.27"]
[Round "-"]
[White "L0B0N0CTURN0"]
[Black "Nimzou"]
[Result "1-0"]
[WhiteElo "1515"]
[BlackElo "1022"]

1. e3 d5 2. d3 Nf6 3. g3 Bg4 4. f3 Bd7 5. Bg2 g6 6. Ne2 Bg7 7. c3 O-O 8. b3 Bf5
9. Bb2 Qd6 10. O-O Nbd7 11. Qc2 Ne8 12. Nd2 b6 13. e4 Be6 14. exd5 Bxd5 15. c4
Bc6 16. Bxg7 Nxg7 17. Ne4 Qe6 18. Nd4 Bb7 19. Nxe6 Nxe6 20. Qc3 Ndc5 21. Nxc5
Nxc5 22. d4 Ne6 23. f4 Bxg2 24. Kxg2 f5 25. Rfe1 Rf6 26. d5 Nc5 27. Rxe7 Ne4 28.
Qb2 Raf8 29. g4 Nd6 30. g5 Nc8 31. gxf6 Rf7 32. Rxf7 Kxf7 33. Re1 Nd6 34. Re7+
Kf8 35. Rxc7 Nf7 36. Rxf7+ Kxf7 37. Qe5 1-0

[Event "Pat_0002"]
[Site "http://www.queenalice.com/game.php?id=1240185"]
[Date "2013.12.16"]
[Round "-"]
[White "L0B0N0CTURN0"]
[Black "MePa"]
[Result "0-1"]
[WhiteElo "1555"]
[BlackElo "1537"]

1. e3 e5 2. d3 Nf6 3. g3 c6 4. Bg2 d5 5. Ne2 Bd6 6. b3 O-O 7. Bb2 Bg4 8. h3 Be6
9. Nd2 Nbd7 10. d4 Re8 11. dxe5 Nxe5 12. f4 Ned7 13. e4 Bb4 14. e5 Ne4 15. Bxe4
dxe4 16. c3 Bc5 17. Nxe4 Bb6 18. Ng5 Nc5 19. Nd4 Bd7 20. b4 Na6 21. Qd3 g6 22.
h4 Nc7 23. h5 Bxd4 24. cxd4 Bf5 25. Qe2 Nd5 26. hxg6 hxg6 27. Rh7 f6 28. Qh2
fxg5 29. Rh8+ Kf7 30. Qh7+ Ke6 31. Rxe8+ Qxe8 32. Qxb7 gxf4 33. gxf4 Rb8 34.
Qxa7 Rxb4 35. Qc5 Rxb2 0-1

[Event "AUTO-INT-2777"]
[Site "http://www.queenalice.com/game.php?id=1240608"]
[Date "2013.12.16"]
[Round "1"]
[White "L0B0N0CTURN0"]
[Black "myouga"]
[Result "1-0"]
[WhiteElo "1515"]
[BlackElo "1553"]

1. e3 d6 2. d3 c6 3. g3 e6 4. Bg2 Nf6 5. Ne2 d5 6. b3 Bb4+ 7. Nd2 Bxd2+ 8. Qxd2
Nbd7 9. Bb2 Ng4 10. O-O O-O 11. h3 Nh6 12. Qc3 Nf5 13. g4 Nh4 14. Qxg7# 1-0

[Event "AUTO-INT-2777"]
[Site "http://www.queenalice.com/game.php?id=1240609"]
[Date "2013.12.16"]
[Round "1"]
[White "myouga"]
[Black "L0B0N0CTURN0"]
[Result "0-1"]
[WhiteElo "1553"]
[BlackElo "1538"]

1. e3 e6 2. Nh3 d6 3. Qf3 g6 4. Ng5 Qxg5 5. Nc3 Bg7 6. Ne4 Qe7 7. Bd3 c6 8. Qf4
e5 9. Qg3 Nf6 10. Ng5 O-O 11. b3 h6 12. Nf3 e4 13. Nh4 exd3 14. cxd3 Nh5 15. Qf4
Nxf4 0-1

[Event "AUTO-INT-2777"]
[Site "http://www.queenalice.com/game.php?id=1240610"]
[Date "2013.12.16"]
[Round "1"]
[White "L0B0N0CTURN0"]
[Black "Mighty_Manu"]
[Result "0-1"]
[WhiteElo "1600"]
[BlackElo "1556"]

1. e3 c5 2. d3 e6 3. g3 a6 4. Bg2 d5 5. Ne2 Bd6 6. b3 Ne7 7. Bb2 O-O 8. Nd2 e5
9. c3 Be6 10. Qc2 Nbc6 11. d4 cxd4 12. cxd4 exd4 13. a3 dxe3 14. fxe3 b5 15. Qc3
Be5 16. Qc2 Rc8 17. Bxe5 Nxe5 18. Qb1 Qb6 19. Nd4 Rc3 20. O-O Rxe3 21. N2f3
Nxf3+ 22. Bxf3 Qxd4 23. Kg2 Qd2+ 24. Rf2 Bh3+ 25. Kxh3 Qxf2 26. Qf1 Qxf3 27.
Qxf3 Rxf3 0-1

[Event "AUTO-INT-2777"]
[Site "http://www.queenalice.com/game.php?id=1240611"]
[Date "2013.12.16"]
[Round "1"]
[White "Mighty_Manu"]
[Black "L0B0N0CTURN0"]
[Result "1-0"]
[WhiteElo "1574"]
[BlackElo "1581"]

1. e4 e6 2. e5 g6 3. d4 Bg7 4. Nf3 Ne7 5. Be3 b6 6. Qd2 Bb7 7. Nc3 d5 8. O-O-O
Nd7 9. Be2 c6 10. g4 Qc7 11. h4 f5 12. g5 c5 13. Nb5 Qb8 14. Nd6+ Kf8 15. Bb5
Qc7 16. Qc3 c4 17. Qb4 a5 18. Qa4 Rd8 19. h5 gxh5 20. Rxh5 Bc6 21. Bxc6 Nxc6 22.
Rdh1 Kg8 23. g6 Nf8 24. Nf7 hxg6 25. Rxh8+ Kxf7 26. Ng5+ Ke7 27. Qa3+ Ke8 28.
Nxe6 Qf7 29. Nxd8 1-0

[Event "Let's Play Chess!"]
[Site "http://www.queenalice.com/game.php?id=1257181"]
[Date "2014.2.18"]
[Round "-"]
[White "L0B0N0CTURN0"]
[Black "Ruusgugg"]
[Result "1-0"]
[WhiteElo "1548"]
[BlackElo "1396"]

1. e3 e5 2. d3 Bb4+ 3. Nd2 a5 4. c3 Bd6 5. a4 Nf6 6. g3 O-O 7. Bg2 Ng4 8. Qxg4
Nc6 9. b3 b6 10. Ne2 Ne7 11. Bxa8 c6 12. d4 Ba6 13. Bxc6 dxc6 14. Ba3 c5 15. Nc4
Bc7 16. O-O b5 17. Nxe5 f5 18. Qf4 Qd5 19. Rfd1 Bb7 20. f3 h6 21. Bxc5 Qe6 22.
Bxe7 Re8 23. Bc5 g5 24. d5 Qxe5 25. Qxe5 Bxe5 26. axb5 Rc8 27. Bd4 Bd6 28. c4
Ra8 29. c5 Be7 30. c6 Bc8 31. Bc3 Bc5 32. Bd4 Bd6 33. b6 Ba6 34. b7 Re8 35. Kf2
Re7 36. Rxa5 Bxe2 37. Ra8+ Kf7 38. Kxe2 h5 39. b8=Q Bxb8 40. Rxb8 h4 41. Bc5 Re5
42. Bb6 f4 43. gxf4 gxf4 44. e4 Rg5 45. Kf2 Re5 46. c7 1-0

[Event "Let's Play Chess!"]
[Site "http://www.queenalice.com/game.php?id=1257182"]
[Date "2014.2.18"]
[Round "-"]
[White "Ruusgugg"]
[Black "L0B0N0CTURN0"]
[Result "0-1"]
[WhiteElo "1389"]
[BlackElo "1538"]

1. d4 d6 2. c4 e6 3. d5 e5 4. e4 b6 5. g3 g6 6. Nf3 h6 7. b4 Bg7 8. Qa4+ Nd7 9.
Bh3 Ne7 10. O-O O-O 11. b5 Nc5 12. Qb4 Bxh3 13. Rd1 Nxe4 14. Nbd2 Bg4 15. Re1
Bxf3 16. Nxf3 Nc5 17. a3 Nd3 18. Qd2 Nxe1 19. Qxe1 Nf5 20. g4 Nh4 21. Nxh4 Qxh4
22. a4 Qxg4+ 23. Kf1 Qxc4+ 24. Kg2 Qxd5+ 25. f3 f5 26. a5 e4 27. fxe4 Qxe4+ 28.
Qxe4 fxe4 29. a6 Bxa1 30. Bxh6 Bg7 31. Bg5 Rae8 0-1

[Event "Desafio"]
[Site "http://www.queenalice.com/game.php?id=1263513"]
[Date "2014.3.9"]
[Round "-"]
[White "L0B0N0CTURN0"]
[Black "Piazzolero"]
[Result "0-1"]
[WhiteElo "1558"]
[BlackElo "1656"]

1. e3 d5 2. d3 e6 3. g3 Nf6 4. h3 Nc6 5. Bg2 Bd6 6. b3 O-O 7. Bb2 a5 8. a3 b6 9.
Ne2 Ba6 10. Nd2 b5 11. c4 bxc4 12. bxc4 Ne7 13. Bxf6 gxf6 14. O-O Ng6 0-1

[Event "Challenge"]
[Site "http://www.queenalice.com/game.php?id=1271789"]
[Date "2014.4.10"]
[Round "-"]
[White "L0B0N0CTURN0"]
[Black "INSPETOR"]
[Result "0-1"]
[WhiteElo "1546"]
[BlackElo "1836"]

1. e3 e6 2. d3 Nf6 3. h3 Be7 4. g3 c5 5. Bg2 O-O 6. b3 Nc6 7. Bb2 d5 8. Ne2 e5
9. Nd2 d4 10. e4 Bd7 11. a3 g6 12. c3 Qc8 13. c4 a6 14. Nf3 b5 15. cxb5 axb5 16.
Qd2 c4 17. Qh6 c3 18. Bc1 b4 19. a4 Be6 20. Bg5 Bxb3 21. O-O Qd8 0-1

[Event "Challenge"]
[Site "http://www.queenalice.com/game.php?id=1363445"]
[Date "2015.6.4"]
[Round "-"]
[White "L0B0N0CTURN0"]
[Black "Bategoll"]
[Result "0-1"]
[WhiteElo "1542"]
[BlackElo "1736"]

1. e3 e5 2. d3 d5 3. g3 Nc6 4. b3 Bf5 5. Bg2 Nf6 6. h3 Bd6 7. Bb2 Qe7 8. Ne2 O-O
9. Nd2 e4 10. d4 a6 11. a4 Rfe8 12. c4 Nb4 13. O-O Nd3 14. Qc2 Qd7 15. cxd5 Nxb2
16. Qxb2 Bxh3 17. Nf4 Bxg2 18. Nxg2 Nxd5 19. Nc4 Re6 20. Nxd6 Qxd6 0-1

[Event "OS INCLIVEIS"]
[Site "http://www.queenalice.com/game.php?id=1363469"]
[Date "2015.6.4"]
[Round "-"]
[White "adelio"]
[Black "L0B0N0CTURN0"]
[Result "1-0"]
[WhiteElo "1785"]
[BlackElo "1534"]

1. d4 d6 2. e4 e6 3. c4 g6 4. Nc3 b6 5. Be2 Bg7 6. h4 h5 7. g4 Bb7 8. gxh5 gxh5
9. Bxh5 Ne7 10. Bg5 Nd7 11. Qf3 Bf6 12. Bxf7+ Kxf7 13. d5 e5 14. Nge2 Qg8 15.
Rg1 1-0

[Event "OS INCLIVEIS"]
[Site "http://www.queenalice.com/game.php?id=1363470"]
[Date "2015.6.4"]
[Round "-"]
[White "L0B0N0CTURN0"]
[Black "adelio"]
[Result "0-1"]
[WhiteElo "1528"]
[BlackElo "1733"]

1. e3 e5 2. d3 d5 3. g3 c5 4. Bg2 Nc6 5. b3 Be7 6. Bb2 Nf6 7. h3 d4 8. e4 h5 9.
h4 Ng4 10. Qe2 g5 11. f3 Ne3 12. Bc1 Nxg2+ 13. Qxg2 Kd7 14. hxg5 Kc7 0-1